000 00786nas a2200253 4500
001 BR0002210
003 BR-BrBNA
005 20231205101830.0
007 ta
008 230509b bl.|||p| |||| 00| 00por d
040 _aBR-BrBNA
_bpor
_cBiblioteca Nacional de Agricultura
041 _a(Pt)
072 _aN10
100 1 _aAzevedo, M.A. de
100 1 _aNascimento, J.W.B. do
245 1 _aEstrutura de madeira para cobertura de aviarios no Estado da Paraiba
650 _aAviario
650 _aMadeira
650 _aMaterial de Construcao
650 _aParaiba
773 0 _tRevista Brasileira de Engenharia Agricola e Ambiental (Brazil)
_xISSN 1415-4366
_g(Sep-Dec 1999), v. 3(3) p. 385-390
_wBR0002210
909 _a202311
_bLúcia
_c55
_dLúcia Elande
942 _2AGRIS
_n0
_cANA
999 _c164212
_d164212